000 01251nam a2200253Ia 4500
999 _c46259
_d46259
001 13093
003 GE_BSU
005 20240820131121.0
008 181216s2013||||ge |||||||||||||| ||geo||
020 _a9789941442292
040 _cGE_BSU
041 _ageo
080 _a663.2(075.8) ჩ-71
100 _aჩიჩუა, დ.
_923090
245 _aმეღვინეობა :
_bსახელმძღვანელო /
_cდ. ჩიჩუა, ზ. კიკნაველიძე.
264 _aთბილისი :
_bსაუნჯე,
_c2013.
300 _a182 გვ. ;
_c29სმ.
500 _aგამოც.გაეროს განვით.პროგრ.(UNOP) მიერ შვეიცარიის განვითარების და თანამშრომლობის სააგენტოს და გაეროს განვით.პროგრ. ფინანს.დახმარ.
500 _a საგნობრივი საძიებელი : გვ.180
653 _aმეღვინეობა
653 _aსახელმძღვანელო
700 _aკიკნაველიძე, ზ.
_eავტორი
_923091
942 _cBK
_2udc